Toutes les équipes ayant participé au quarts de la Champions League - Statistiques

Statistiques générales
  • Ce quiz a été pris 114 fois
  • Le résultat moyen est 45 sur 59
Statistiques - réponses
Fédération Club % Correct
Allemagne Bayer Leverkusen
99%
Allemagne Borussia Dortmund
99%
Espagne FC Barcelone
98%
France Paris Saint-Germain
98%
Italie Inter Milan
97%
France Olympique de Marseille
97%
France Olympique lyonnais
97%
Espagne Real Madrid
97%
Angleterre Manchester City
96%
Angleterre Manchester United
96%
Italie AC Milan
95%
France AJ Auxerre
95%
Portugal FC Porto
94%
Italie Juventus Turin
94%
Pays-Bas Ajax Amsterdam
93%
Espagne Atletico Madrid
93%
France AS Monaco
92%
Allemagne Bayern Munich
92%
Angleterre Chelsea
92%
Angleterre Liverpool FC
92%
Angleterre Arsenal
90%
Portugal SL Benfica
90%
Pays-Bas PSV Eindhoven
86%
Italie AS Roma
85%
Espagne FC Séville
85%
Italie SSC Napoli
85%
Espagne Valence CF
85%
Turquie Galatasaray
84%
Écosse Glasgow Rangers
79%
Belgique Club Bruges
78%
Italie Lazio Rome
77%
France Girondins de Bordeaux
76%
Angleterre Tottenham
76%
Ukraine Dynamo Kiev
74%
France FC Nantes
74%
Angleterre Aston Villa
72%
Allemagne Schalke 04
72%
Grèce Panathinaikos
71%
Grèce Olympiakos
70%
Belgique RSC Anderlecht
70%
Allemagne RB Leipzig
67%
Espagne Villareal CF
67%
Chypre APOEL Nicosie
65%
Italie Atalanta Bergame
64%
Espagne Deportivo La Corogne
64%
Turquie Fenerbahce
64%
Allemagne VfL Wolfsburg
63%
Russie CSKA Moscou
62%
Angleterre Leicester City
61%
Allemagne Werder Brême
60%
Ukraine Shakhtar Donetsk
58%
Angleterre Leeds United
53%
Pologne Legia Varsovie
51%
Croatie Hajduk Split
49%
Espagne Malaga CF
45%
Norvège Rosenborg BK
40%
Russie Spartak Moscou
38%
Suède IFK Göteborg
34%
Allemagne Kaiserslautern
19%
Aucun quiz correspondant
Distribution des résultats
% des personnes avec chaque résultat
Percentile par nombre de réponses
Votre historique - résultats
Vous n’avez pas pris ce quiz